Loading...
| Literature - British Literature | 0 | 6 | 0 | 0 | 60 | 53 | 98.50 | 3 | 6 |
| Literature - World/Other Literature | 0 | 5 | 0 | 0 | 50 | 58 | 88.00 | 2 | 5 |
| Literature - American Literature | 0 | 5 | 1 | 1 | 45 | 66 | 100.40 | 2 | 5 |
| History - Other History | 0 | 5 | 1 | 3 | 45 | 50 | 94.80 | 1 | 5 |
| Fine Arts - Visual Fine Arts | 0 | 4 | 0 | 2 | 40 | 57 | 100.50 | 1 | 4 |
| Social Science | 0 | 2 | 0 | 1 | 20 | 27 | 79.00 | 1 | 2 |
| Mythology | 0 | 2 | 0 | 0 | 20 | 53 | 87.50 | 0 | 2 |
| Philosophy | 0 | 2 | 1 | 1 | 15 | 111 | 115.50 | 0 | 2 |
| Fine Arts - Other Fine Arts | 0 | 2 | 1 | 0 | 15 | 85 | 108.00 | 1 | 2 |
| Pop Culture | 0 | 1 | 0 | 0 | 10 | 42 | 42.00 | 0 | 1 |
| Literature - European Literature | 0 | 2 | 2 | 0 | 10 | 97 | 97.50 | 1 | 2 |
| History - World History | 0 | 1 | 1 | 0 | 5 | 45 | 45.00 | 1 | 1 |
| Geography/Current Events | 0 | 1 | 1 | 1 | 5 | 126 | 126.00 | 0 | 1 |
| History - European History | 0 | 1 | 1 | 1 | 5 | 131 | 131.00 | 0 | 1 |
| Religion | 0 | 0 | 1 | 0 | -5 | 0.00 | 0 | 0 |